[Event "3rd LUC Open"]
[Site "Lille FRA"]
[Date "2012.04.24"]
[Round "2.16"]
[White "De Leur,B"]
[Black "Loiseau,Q"]
[Result "0-1"]
[WhiteElo "2019"]
[BlackElo "2273"]

1.c4 c6 2.g3 d5 3.Bg2 Nf6 4.Nf3 Bg4 5.h3 Bxf3 6.Bxf3 e6 7.b3 Be7 8.O-O a5
9.d4 O-O 10.Bb2 b5 11.Nd2 Qb6 12.c5 Qc7 13.Qc2 Nbd7 14.e4 dxe4 15.Nxe4 Nd5
16.Rac1 N7f6 17.Rfe1 Rfd8 18.Qe2 Nxe4 19.Qxe4 a4 20.Ra1 Bf6 21.Bd1 Qa5 22.Bc2 g6
23.Qf3 a3  0-1

[Event "ch-LTU 2012"]
[Site "Vilnius LTU"]
[Date "2012.04.25"]
[Round "5"]
[White "Beinoras,M"]
[Black "Laurusas,T"]
[Result "1/2-1/2"]
[WhiteElo "2353"]
[BlackElo "2360"]

1.c4 c6 2.e4 d5 3.exd5 cxd5 4.d4 Nf6 5.Nc3 e6 6.Nf3 Bb4 7.Bd3 dxc4 8.Bxc4 Nbd7
9.O-O O-O 10.Qe2 Re8 11.Bg5 Be7 12.Ne5 Nf8 13.Rad1 Bd7 14.Qf3 Qc7 15.Ne4 Bc6
16.Nxc6 Qxc6 17.Nxf6+ Bxf6 18.Qxc6 bxc6 19.Bxf6 gxf6 20.Be2 Red8  1/2-1/2

[Event "ch-SRB 2012"]
[Site "Vrnjacka Banja SRB"]
[Date "2012.04.25"]
[Round "3"]
[White "Damljanovic,B"]
[Black "Bodiroga,P"]
[Result "1/2-1/2"]
[WhiteElo "2582"]
[BlackElo "2397"]

1.c4 c6 2.Nc3 d5 3.d4 Nf6 4.e3 g6 5.Nf3 Bg7 6.Bd3 O-O 7.O-O Bg4 8.h3 Bxf3
9.Qxf3 e6 10.Rd1 Nbd7 11.Bd2 Re8 12.Be1 a5 13.b3 Qb8 14.Bf1 Rd8 15.Rab1 Ne8
16.Qe2 h5 17.a3 Nd6 18.c5 Nf5 19.g4 hxg4 20.hxg4 Ne7 21.f4 g5 22.fxg5 e5
23.Bg3 Qc8 24.Na4 Ng6 25.Qf2 Re8 26.Bd3 Qd8 27.Bf5 Qe7 28.Re1 Ndf8 29.Nb6 Rad8
30.b4 axb4 31.axb4 Ne6 32.dxe5 Nxg5 33.Kg2 Bxe5 34.Rbd1 Ne4 35.Bxe4 Bxg3
36.Kxg3 Qc7+ 37.Kh3 Rxe4 38.Rd4 Kg7 39.Qg3 Qe7 40.Kg2 Re8 41.Kf1 Qg5 42.Rxe4 Rxe4
43.Nc8 Rxg4 44.Qf2 Rh4 45.Nd6 Nf4 46.Nf5+ Qxf5 47.Qxh4 Nd3+ 48.Ke2 Nxe1 49.Kxe1 Qb1+
50.Kf2 Qc2+ 51.Ke1 Qc1+ 52.Kf2 Qc2+ 53.Ke1 Qf5 54.Kd2 f6 55.Qg3+ Kh6 56.Qh2+ Kg6
57.Qg3+ Qg5 58.Qb8 Qg2+ 59.Kc3 Qe4 60.Qg8+ Kh5 61.Qf7+ Kg4 62.Qxb7 Qxe3+
63.Kb2 Qd4+ 64.Ka3 Qa1+ 65.Kb3 Qb1+ 66.Ka3 Qc1+ 67.Ka4 Qa1+ 68.Kb3 Qd1+ 69.Ka3 Qc1+
70.Ka4 Qa1+ 71.Kb3 d4 72.Qxc6 Qc3+ 73.Ka4 d3 74.Qd7+ Kf3 75.c6 d2 76.c7 Qc2+
77.Ka5 d1=Q 78.Qxd1+ Qxd1 79.c8=Q  1/2-1/2

[Event "10th Nabokov Mem GM"]
[Site "Kiev UKR"]
[Date "2012.04.26"]
[Round "9.2"]
[White "Pavlov,S2"]
[Black "Tovmasian,V"]
[Result "1-0"]
[WhiteElo "2460"]
[BlackElo "2420"]

1.c4 c6 2.Nf3 d5 3.d4 Nf6 4.Nc3 dxc4 5.a4 Bg4 6.Ne5 Bh5 7.g3 e6 8.Bg2 Be7
9.O-O O-O 10.a5 Na6 11.Nxc4 Nb4 12.Ra4 Nbd5 13.Qc2 Bg6 14.Qb3 Rb8 15.Ne5 Nxc3
16.bxc3 Be4 17.f3 Bg6 18.e4 Nd7 19.Nxg6 hxg6 20.Bf4 e5 21.Bxe5 Nxe5 22.dxe5 Bc5+
23.Kh1 Qe7 24.f4 g5 25.fxg5 Qe6 26.Qxe6 fxe6 27.Raa1 Kh7 28.h4 Kg6 29.Bh3 Rfe8
30.Rad1 Re7 31.Rd6 Rbe8 32.Kh2 Kh7 33.Bg4 Ba3 34.Bh5 Rb8 35.Bf7 Bb2 36.Rf3 b5
37.Bxe6 b4 38.cxb4 Bxe5 39.Rxc6 Rxb4 40.Bf5+ Kg8 41.Rc8+ Kf7 42.g6+  1-0

[Event "TCh-AUT 2 Ost 2011-12"]
[Site "Bruck AUT"]
[Date "2012.04.28"]
[Round "10"]
[White "Todor,R"]
[Black "Galavics,H"]
[Result "1/2-1/2"]
[WhiteElo "2199"]
[BlackElo "2069"]

1.c4 c6 2.e4 d5 3.exd5 cxd5 4.cxd5 Nf6 5.Qa4+ Bd7 6.Qb3 Qc7 7.Nc3 g6 8.Nf3 Bg7
9.Be2 O-O 10.d4 Rd8 11.Ne5 Be8 12.Bf4 Qb6 13.Qxb6 axb6 14.Bf3 Na6 15.Nd3 b5
16.a3 Ra7 17.O-O-O b6 18.Rhe1 Kf8 19.Kc2 Nh5 20.Be3 Nf6 21.Kb3 Rc8 22.Ne5 Nb8
23.g4 h6 24.h4 Ng8 25.g5 hxg5 26.hxg5 f6 27.Nd3 Na6 28.Nf4 Nc7 29.Ne6+ Kf7
30.Bf4 Nxe6 31.dxe6+ Kf8 32.Be2 fxg5 33.Bxg5 Rd8 34.Nxb5 Bxb5 35.Bxb5 Rd5
36.Bc6 Rxg5 37.Re4 Nf6 38.Rf4 Rf5 39.Rxf5 gxf5 40.Kb4 Ra5 41.Kc4  1/2-1/2

[Event "TCh-AUT 2 Ost 2011-12"]
[Site "Bruck AUT"]
[Date "2012.04.28"]
[Round "10"]
[White "Kirschner,A"]
[Black "Vass,Frant2"]
[Result "0-1"]
[WhiteElo "2280"]
[BlackElo "2296"]

1.c4 c6 2.e4 d5 3.exd5 cxd5 4.cxd5 Nf6 5.Qa4+ Nbd7 6.Nc3 g6 7.Nf3 Bg7 8.Bc4 O-O
9.d3 a6 10.Qa3 b6 11.O-O Bb7 12.Re1 b5 13.Bb3 Re8 14.Ng5 h6 15.Nge4 Bf8 16.Be3 Ne5
17.Nc5 Bxd5 18.Nxd5 Nxd5 19.d4 Nc6 20.Rac1 e6 21.Bd1 Na5 22.Bf3 Nc4 23.Qb3 Bg7
24.Qc2 Rc8 25.Rcd1 Nxb2 26.Qxb2 Rxc5 27.Rc1 Rxc1 28.Qxc1 Qa5 29.Re2 Nc3 30.Rc2 Rc8
31.h4 h5 32.g3 b4 33.Kg2 Qb5 34.Qd2 Rd8 35.a3 a5 36.axb4 axb4 37.Rb2 Qc4  0-1

[Event "Ostravsky Konik Open A"]
[Site "Ostrava CZE"]
[Date "2012.04.28"]
[Round "1"]
[White "Hausner,I"]
[Black "Leks,M"]
[Result "0-1"]
[WhiteElo "2408"]
[BlackElo "2103"]

1.c4 c6 2.e4 d5 3.exd5 cxd5 4.cxd5 Nf6 5.Bb5+ Nbd7 6.Nc3 g6 7.Nf3 Bg7 8.O-O O-O
9.d6 exd6 10.d4 d5 11.Re1 Nb6 12.Ne5 Bf5 13.a4 Rc8 14.a5 Nc4 15.a6 Nxe5 16.dxe5 Ng4
17.Be2 Nxe5 18.axb7 Rb8 19.Ba6 d4 20.Nb5 Nd3 21.Bd2 Nxe1 22.Bxe1 Be5 23.Bb4 Re8
24.Bc5 Be4 25.Bxa7 Bxb7 26.Bxb8 Qxb8 27.Bxb7 Qxb7 28.Qb3 Rb8 29.Ra5 Bc7  0-1

[Event "ch-LAT w 2012"]
[Site "Riga LAT"]
[Date "2012.04.30"]
[Round "3"]
[White "Reizniece,D"]
[Black "Golubeva,Marija"]
[Result "1-0"]
[WhiteElo "2292"]
[BlackElo "1788"]

1.c4 c6 2.e4 e5 3.Nf3 d6 4.d4 exd4 5.Nxd4 g6 6.Nc3 Bg7 7.Be2 Ne7 8.O-O O-O
9.Bf4 d5 10.exd5 cxd5 11.cxd5 Nxd5 12.Nxd5 Qxd5 13.Nb5 Qxd1 14.Raxd1 Na6
15.Bf3 h5 16.Rd2 Re8 17.h3 Kh7 18.Rfd1 Bf6 19.Nd6 Re7 20.Ne4 Re6 21.Nxf6+ Rxf6
22.Bg3 Nc5 23.Rd8 Ne6 24.Be5 Nxd8 25.Rxd8 Kg7 26.g4 hxg4 27.Bxg4 Bxg4 28.Rxa8 Bxh3
29.f4 a6 30.Kh2 Be6 31.a3 Bd5 32.Kg3  1-0

[Event "3rd Royal Residence Cup"]
[Site "Zhovkva UKR"]
[Date "2012.04.30"]
[Round "9"]
[White "Terletsky,O"]
[Black "Paterek,M"]
[Result "1/2-1/2"]
[WhiteElo "2185"]
[BlackElo "2264"]

1.c4 c6 2.d4 d5 3.cxd5 cxd5 4.Nc3 Nf6 5.Nf3 Nc6 6.Bf4 Ne4 7.e3 Nxc3 8.bxc3 g6
9.Bd3 Bg7 10.O-O O-O 11.c4  1/2-1/2

[Event "TCh-ITA w 2012"]
[Site "Arvier ITA"]
[Date "2012.05.01"]
[Round "5"]
[White "Messina,R"]
[Black "Sedina,E"]
[Result "0-1"]
[WhiteElo "1957"]
[BlackElo "2353"]

1.c4 c6 2.Nc3 d5 3.e3 Nf6 4.Nf3 a6 5.d4 g6 6.Be2 Bg7 7.O-O O-O 8.a4 a5 9.b3 Re8
10.Ba3 Na6 11.Rc1 Bg4 12.Re1 e6 13.Ne5 Bxe2 14.Nxe2 Ne4 15.f3 Nd6 16.Qd2 Nf5
17.Ng3 Nxg3 18.hxg3 c5 19.cxd5 cxd4 20.Qxd4 exd5 21.f4 Nb8 22.Rc5 Nc6 23.Qxd5 Nxe5
24.Qxb7 Ng4 25.Rc7 Qd2 26.Rec1 Qxe3+ 27.Kh1 Qxg3 28.Kg1 Re7 29.Kh1 Qe3  0-1

[Event "TCh-CHN 2012"]
[Site "Beijing CHN"]
[Date "2012.05.01"]
[Round "4"]
[White "Le Quang Liem"]
[Black "Ni Hua"]
[Result "1/2-1/2"]
[WhiteElo "2698"]
[BlackElo "2637"]

1.c4 c6 2.Nf3 Nf6 3.d4 d5 4.e3 a6 5.Bd2 e6 6.Qc2 Nbd7 7.Nc3 dxc4 8.a4 c5
9.Bxc4 Qc7 10.Qb3 Bd6 11.O-O O-O 12.Rac1 b6 13.d5 exd5 14.Nxd5 Nxd5 15.Bxd5 Rb8
16.Bc3 b5 17.Rfd1 b4 18.Bd2 Nf6 19.e4 Nxd5 20.exd5 Bd7 21.Rc4 Qa5 22.Ra1 Bb5
23.Rh4 c4 24.Qd1 Bd7 25.Qc2 f5 26.Qxc4 Rfc8 27.Qb3 Qc5 28.Ne1 h6 29.Bf4 Bxf4
30.Rxf4 Qd6 31.Rd4 Re8 32.Nf3 Re2 33.Rad1 a5 34.R4d2 Rbe8 35.Rxe2 Rxe2 36.Nd4 Re5
37.Nc6 Bxc6 38.dxc6+ Kh7 39.Qc2 Qc5 40.Qc1 Rd5 41.Rf1 Qf8 42.Qf4 Rc5 43.c7 g5
44.Qf3 Rxc7 45.h3 Qc5 46.Rd1 Qe5 47.g3 Qe4 48.Qxe4 fxe4 49.Rd4 Rc2 50.Rxe4 Rxb2
51.Re5 b3 52.Rxa5 Ra2 53.Kg2 b2 54.Rb5 Kg6 55.a5 h5 56.a6 g4 57.a7 Rxa7 58.Rxb2 Ra6
59.Rb4 Kg5 60.Rf4 Ra8 61.Rc4 Ra6 62.Rc8 Kg6 63.Rg8+ Kh7 64.Rd8 Kg6 65.Rf8 Rb6
66.Rg8+ Kh7 67.Rg5 Kh6 68.Rf5 Kg6 69.Rf4 Kg5 70.h4+ Kg6 71.Kf1 Rb1+ 72.Ke2 Rb2+
73.Kd3 Rb3+ 74.Kc4 Rb2 75.Kc3  1/2-1/2

[Event "Copenhagen Chess Challenge 2012"]
[Site "Ballerup DEN"]
[Date "2012.05.02"]
[Round "1"]
[White "Hagen,Andr"]
[Black "Pallesen,Ja"]
[Result "1/2-1/2"]
[WhiteElo "2445"]
[BlackElo "1985"]

1.c4 c6 2.g3 d5 3.Nf3 Nf6 4.Bg2 e6 5.O-O Be7 6.b3 O-O 7.Bb2 Nbd7 8.d3 a6
9.Nbd2 b5 10.Qc2 Bb7 11.e4 Rc8 12.Rfe1 Qb6 13.Rad1 Rfd8 14.e5 Ne8 15.h4 c5
16.Nf1 Qa7 17.cxd5 Bxd5 18.Ne3 Bb7 19.Qe2 Nb6 20.h5 h6 21.Nd2 Bxg2 22.Nxg2 Nc7
23.Ne4 Ncd5 24.Nf4 c4 25.dxc4 bxc4 26.Bd4 cxb3 27.axb3 Qb7 28.Qg4 Kh8 29.Nd6 Bxd6
30.exd6 Nf6 31.Bxf6 gxf6 32.Nxe6 fxe6 33.Rxe6 Qg7 34.Qf5 Qg5 35.Qxf6+ Qxf6
36.Rxf6 Kg7 37.Rg6+ Kh7 38.Re1 Re8 39.Re7+ Rxe7 40.dxe7 Nd5 41.Rxa6 Nxe7
42.Ra7 Re8 43.Kg2 Kg7 44.g4 Kf6 45.Ra6+ Kg7 46.Re6 Kf7 47.Rxh6 Rb8 48.f3 Rxb3
49.Kg3 Kg7 50.Ra6 Nd5 51.g5 Rb1 52.Ra7+ Kg8 53.Kg4 Rb4+ 54.Kg3 Rb1 55.Kg4 Rb4+
56.Kf5 Ne3+ 57.Ke5 Rb5+ 58.Kf4 Ng2+ 59.Kg4 Ne3+ 60.Kg3 Rxg5+ 61.Kf4 Rxh5
62.Kxe3 Rh4 63.f4 Rh5 64.Kf3 Rb5 65.Kg4 Rc5 66.f5 Rc4+ 67.Kg5 Rc6 68.Re7 Kf8
69.Rh7 Ra6 70.Rh4 Kf7 71.Rb4 Rc6 72.Rb7+ Kf8 73.Kf4 Ra6 74.Rd7 Rb6 75.Ke5 Ra6
76.Rh7 Rb6 77.Rh5 Kf7 78.Rh7+ Kf8 79.f6 Rb1 80.Re7 Re1+ 81.Kd6 Rxe7 82.fxe7+ Ke8
83.Ke6  1/2-1/2

[Event "Copenhagen Chess Challenge 2012"]
[Site "Ballerup DEN"]
[Date "2012.05.03"]
[Round "2"]
[White "Jacobsen,Bo"]
[Black "Pedersen,Sven2"]
[Result "1-0"]
[WhiteElo "2337"]
[BlackElo "2125"]

1.c4 c6 2.g3 d5 3.Nf3 Nf6 4.Bg2 Bg4 5.Ne5 Be6 6.cxd5 Bxd5 7.Nf3 Nbd7 8.Nc3 Bxf3
9.Bxf3 e5 10.O-O Bc5 11.Rb1 Qe7 12.d3 O-O 13.Bd2 Nb6 14.Qc2 Nbd5 15.Rfc1 Nxc3
16.Qxc3 Bb6 17.Qc2 Rfe8 18.Be1 e4 19.dxe4 Nxe4 20.e3 Rad8 21.h4 Nxg3 22.fxg3 Qxe3+
23.Kg2 Rd3 24.Qf2 Qe6 25.Qf1 Re3 26.a3 Qf5 27.Bc3 Bc7 28.Re1 Qg6 29.Qf2 Bb6
30.Rxe3 Bxe3 31.Re1 Qe6 32.Qe2 f5 33.Qd3  1-0

[Event "Copenhagen Chess Challenge 2012"]
[Site "Ballerup DEN"]
[Date "2012.05.05"]
[Round "6"]
[White "Andersen,Dani"]
[Black "Pedersen,Sven2"]
[Result "0-1"]
[WhiteElo "1899"]
[BlackElo "2125"]

1.c4 c6 2.d4 d5 3.Nf3 Nf6 4.Nc3 e6 5.g3 dxc4 6.Ne5 b5 7.Bg2 Qb6 8.O-O Bb7
9.e4 Nfd7 10.Nxd7 Nxd7 11.f4 O-O-O 12.a4 Nc5 13.Be3 Nb3 14.Rb1 Nxd4 15.Kh1 Bc5
16.Qg4 g6 17.Qg5 a6 18.b4 cxb3 19.Bxd4 Bxd4 20.Rxb3 Bxc3 21.Rxc3 Qd4 22.Rfc1 h6
23.Qg4 Kb8 24.e5 Rc8 25.Qf3 Rhd8 26.axb5 axb5 27.h3 Qb6 28.Rc5 Rd5 29.Qe3 Rxc5
30.Rxc5 Rd8 31.Qc3 b4 32.Qc1 b3 33.Rc3 b2 34.Qb1  0-1

[Event "Torneio Nacional de Mestres 2012"]
[Site "Lisbon POR"]
[Date "2012.05.05"]
[Round "8.4"]
[White "Andrade,Jo"]
[Black "Diogo,V"]
[Result "0-1"]
[WhiteElo "2251"]
[BlackElo "2288"]

1.c4 c6 2.Nf3 d5 3.cxd5 cxd5 4.d4 Nc6 5.Nc3 Nf6 6.Bf4 a6 7.e3 e6 8.Bd3 Be7
9.h3 O-O 10.Rc1 Bd7 11.O-O Rc8 12.Qe2 Nb4 13.Bb1 Ne4 14.Ne5 f5 15.Nxd7 Qxd7
16.f3 Nxc3 17.bxc3 Nc6 18.e4 Bd6 19.Bxd6 Qxd6 20.exf5 exf5 21.Rfe1 Rf6 22.Rcd1 Na5
23.Qe5 g6 24.Rd3 Nc4 25.Qe7 Qxe7 26.Rxe7 Rf7 27.Re2 Rcc7 28.Bc2 Kf8 29.Bb3 Rfe7
30.Rxe7 Kxe7 31.Bxc4 Rxc4 32.f4 Ra4 33.Rd2 Rc4 34.Rd3 b5 35.Kf2 Kd6 36.Ke2 a5
37.Kd1 b4 38.cxb4 axb4 39.Kd2 Kc6 40.g3 Kb5 41.g4 Ka4 42.g5 Kb5 43.Kd1 Rc7
44.a3 bxa3 45.Rxa3 Kc4 46.Kd2 Kxd4 47.Ra4+ Rc4 48.Ra7 Ke4 49.Rxh7 Kxf4 50.h4 Kg4
51.Rh6 Rc6 52.Rh8 Ra6 53.Kd3 f4 54.Rf8 Kxh4 55.Rxf4+ Kxg5 56.Rf8 Rf6 57.Rd8 Rf5
58.Ke3 Kg4 59.Rh8 g5 60.Rh1 Kg3 61.Rg1+ Kh2 62.Rg4 Kh3 63.Rg1 g4 64.Rh1+ Kg2
65.Rh8 g3 66.Rg8 Kh2 67.Rh8+ Kg1 68.Ke2 g2 69.Rg8 d4 70.Rg4 Kh2 71.Rh4+ Kg3
72.Rh8 Rg5  0-1

[Event "Copenhagen Chess Challenge 2012"]
[Site "Ballerup DEN"]
[Date "2012.05.06"]
[Round "9"]
[White "Andersen,Dani"]
[Black "Tandrup,M"]
[Result "1/2-1/2"]
[WhiteElo "1899"]
[BlackElo "1967"]

1.c4 c6 2.Nf3 Nf6 3.b3 d5 4.Bb2 g6 5.g3 Bg7 6.Bg2 O-O 7.O-O Bf5 8.d3 Qc8
9.Re1 dxc4 10.bxc4 Rd8 11.Nbd2 Na6 12.Rb1 Ne8 13.Bxg7 Nxg7 14.Qb3 Rb8 15.Qa3 Qc7
16.Nb3 c5 17.Nfd2 Bc8 18.Qa5 b6 19.Qc3 Nb4 20.a3 Nc6 21.Qb2 Nd4 22.Nxd4 Rxd4
23.a4 Bb7 24.a5 Bxg2 25.Kxg2 Ne6 26.axb6 axb6 27.Ne4 f5 28.Nc3 Qc6+ 29.f3 Nc7
30.Nb5 Nxb5 31.Qxb5 Qe6 32.Kf2 f4 33.Kg2 h5 34.Qb2 g5 35.Qc1 Kf7 36.e3 Rxd3
37.exf4 Qc6 38.Rf1 g4 39.Qc2 Rbd8 40.Rf2 gxf3+ 41.Kg1 Qe4 42.Rbf1 Qe3 43.Qc1 Qxc1
44.Rxc1 Rd1+ 45.Rf1 Rxc1 46.Rxc1 Rd2 47.h3 Rg2+ 48.Kf1 Rxg3 49.Kf2 Rxh3 50.Rb1 Rh2+
51.Kxf3 Rc2 52.Rxb6 Rxc4 53.Rh6 Rc3+ 54.Ke2 Rh3 55.Rc6 e6 56.Rxc5 Kf6 57.Kf2 h4
58.Rh5 Kg6 59.Rh8 Kf5 60.Rf8+ Ke4 61.Re8 Kf5 62.Rf8+ Ke4 63.Re8 Kxf4 64.Rxe6 Rg3
65.Rf6+ Kg4 66.Rg6+ Kh3 67.Ra6 Rb3 68.Ra2 Kh2 69.Kf1+ Kh1 70.Kf2 Rg3 71.Ra1+ Kh2
72.Ra4 h3 73.Rh4 Rg8 74.Rh7 Rf8+ 75.Ke2 Rf4 76.Ke3 Rg4 77.Kf2 Rf4+ 78.Ke3 Rf1
79.Ke2 Rf5 80.Ke3 Kg2 81.Rg7+ Kf1 82.Rh7 Kg2 83.Rg7+ Kh1 84.Rh7 Kh2 85.Ra7 Rf1
86.Rh7 Rg1 87.Kf2 Rg2+ 88.Kf3 Rg8 89.Ra7 Rf8+ 90.Kg4 Rf2 91.Ra3 Kg2 92.Rxh3 Rf4+
93.Kxf4 Kxh3  1/2-1/2

[Event "Asian Continental w 2012"]
[Site "Ho Chi Minh City VIE"]
[Date "2012.05.06"]
[Round "2.18"]
[White "Hoang Thi Nhu Y"]
[Black "Ngo Thi Kim Tuyen"]
[Result "1-0"]
[WhiteElo "2238"]
[BlackElo "2070"]

1.c4 c6 2.Nc3 d5 3.e3 Nf6 4.Nf3 Bf5 5.Qb3 b6 6.cxd5 Nxd5 7.Nxd5 Be6 8.e4 Nd7
9.d4 cxd5 10.exd5 Bf5 11.Bb5 Qc7 12.Ne5 f6 13.Qf3 fxe5 14.Qxf5 exd4 15.Bf4 Qd8
16.Rc1 a6 17.Bc6 Ra7 18.Be5 b5 19.Bxd4 Qa5+ 20.Ke2 Rc7 21.Bxd7+ Rxd7 22.Rc8+ Rd8
23.Rxd8+ Qxd8 24.Rc1  1-0

[Event "85th ch-St Petersburg"]
[Site "St Petersburg RUS"]
[Date "2012.05.06"]
[Round "2"]
[White "Malakhov,I"]
[Black "Martynov,P2"]
[Result "1-0"]
[WhiteElo "2431"]
[BlackElo "2284"]

1.c4 c6 2.g3 d5 3.Bg2 Nf6 4.Nf3 Bf5 5.cxd5 cxd5 6.Qb3 Qc8 7.Nc3 e6 8.O-O h6
9.d3 Nc6 10.Bf4 Be7 11.Rac1 Qd7 12.e4 Bh7 13.exd5 exd5 14.Ne5 Nxe5 15.Bxe5 O-O
16.Nxd5 Nxd5 17.Bxd5 Rad8 18.Bxb7 Bxd3 19.Rc7 Qg4 20.Rxe7 Bxf1 21.Kxf1 Rd1+
22.Kg2 Qe2 23.Ba6 Qe4+ 24.Kh3 Rg1 25.Qc4 Qg2+ 26.Kg4 h5+ 27.Kg5 Qxf2 28.Qe2 Qb6
29.Kh4 Qb4+ 30.Bf4 Rg2 31.Qxg2 Qxe7+ 32.Bg5 Qb4+ 33.g4 f6 34.Be3 g5+ 35.Kh3 Qe1
36.Bc4+ Kh8 37.Qf2 Qd1 38.Be2 Qd7 39.Bxg5 Kg7 40.Bh4 f5 41.gxh5 f4+ 42.Bg4 Qd3+
43.Qf3 Qd6 44.Qe4 f3 45.Bxf3 Rf4 46.Qd5 Qf8 47.h6+ Kxh6 48.Bg5+  1-0

[Event "FSIM May 2012"]
[Site "Budapest HUN"]
[Date "2012.05.07"]
[Round "3"]
[White "Petran,Pa"]
[Black "Kojima,S"]
[Result "1-0"]
[WhiteElo "2365"]
[BlackElo "2264"]

1.c4 c6 2.Nf3 d5 3.e3 Nf6 4.Qc2 g6 5.b3 Bf5 6.d3 Bg7 7.Bb2 Na6 8.Be2 O-O
9.O-O Nb4 10.Qd2 a5 11.cxd5 cxd5 12.Nc3 Rc8 13.Rac1 Re8 14.a3 Nc6 15.d4 Bh6
16.Bb5 Ne4 17.Nxe4 Bxe4 18.Ne5 Nxe5 19.dxe5 Rf8 20.Bd4 Bg7 21.f3 Bf5 22.Rxc8 Qxc8
23.Rc1 Qb8 24.f4 Rc8 25.Bb6 g5 26.g3 Be4 27.Bxa5 gxf4 28.gxf4 Rxc1+ 29.Qxc1 Qa7
30.Bb4 Qb6 31.Bf1 Qg6+ 32.Kf2 Qh5 33.Qc8+ Bf8 34.Qh3 Qd1 35.Be2 Qc2 36.Qg4+ Kh8
37.Qg1 Qxb3 38.Qg5 Qb2 39.Bxe7 Bxe7 40.Qxe7 Kg7 41.e6  1-0

[Event "Asian Continental w 2012"]
[Site "Ho Chi Minh City VIE"]
[Date "2012.05.08"]
[Round "4.4"]
[White "Tan Zhongyi"]
[Black "Hoang Thi Bao Tram"]
[Result "1/2-1/2"]
[WhiteElo "2430"]
[BlackElo "2356"]

1.c4 c6 2.e4 d5 3.exd5 cxd5 4.d4 Nf6 5.Nc3 e6 6.Nf3 Be7 7.Bd3 dxc4 8.Bxc4 O-O
9.O-O Nbd7 10.Qe2 Nb6 11.Bb3 Bd7 12.Ne5 Bc6 13.Nxc6 bxc6 14.Rd1 Nbd5 15.Bd2 Qb6
16.Qc4 Nxc3 17.Bxc3 Rac8 18.Rac1 Nd5 19.Bd2 Bf6 20.Be3 Rfd8 21.Qc5 Qb8 22.Qc2 Be7
23.Qe4 Bd6 24.g3 Be7 25.Rc4 Nxe3 26.Qxe3 Bf6 27.Rdc1 Rd6 28.Qf4 Rcd8 29.Rxc6 Rxc6
30.Rxc6 Qxf4 31.gxf4 Bxd4 32.f5 exf5 33.Rc7 Rf8 34.Rd7  1/2-1/2

[Event "85th ch-St Petersburg"]
[Site "St Petersburg RUS"]
[Date "2012.05.08"]
[Round "4"]
[White "Popov,Val"]
[Black "Martynov,P2"]
[Result "1-0"]
[WhiteElo "2550"]
[BlackElo "2284"]

1.c4 c6 2.Nf3 d5 3.e3 Nf6 4.Nc3 e6 5.b3 Nbd7 6.Qc2 Bd6 7.Bb2 O-O 8.Be2 a6
9.d4 e5 10.dxe5 Nxe5 11.cxd5 cxd5 12.O-O Bg4 13.Nd4 Rc8 14.Bxg4 Nexg4 15.h3 Ne5
16.Rfc1 Bb8 17.Qd1 Qd6 18.Nce2 Rcd8 19.Nf4 Rfe8 20.Rc2 Qd7 21.Rac1 Ng6 22.Nd3 Ne4
23.Qg4 Qd6 24.Nf3 f6 25.h4 Ne7 26.Nf4 Nc6 27.Rd1 Qe7 28.a3 Qf7 29.Nd4 Nxd4
30.Bxd4 Be5 31.g3 Rd7 32.a4 Kh8 33.Bb6 Kg8 34.Rd3 Kh8 35.Kg2 Kg8 36.Nxd5 Bb8
37.Qd1 Qe6 38.Bc7 Kf7 39.Bxb8 Rxb8 40.Nf4 Rxd3 41.Rc7+ Kg8 42.Rxg7+ Kh8 43.Rxh7+ Kg8
44.Qh5  1-0

[Event "Asian Continental 2012"]
[Site "Ho Chi Minh City VIE"]
[Date "2012.05.10"]
[Round "6.27"]
[White "Hamdani,R"]
[Black "Nguyen Huynh Minh Huy"]
[Result "1/2-1/2"]
[WhiteElo "2322"]
[BlackElo "2442"]

1.c4 c6 2.Nf3 d5 3.g3 Nf6 4.b3 Bf5 5.Bg2 e6 6.Bb2 h6 7.O-O Be7 8.d3 O-O 9.Nbd2 a5
10.Re1 Bh7 11.e4 Na6 12.Qe2 Nb4 13.Red1 a4 14.Ne1 a3 15.Bc3 Qb6 16.d4 Qa6
17.f3 b6 18.Nf1 Rfd8 19.Qd2 dxc4 20.bxc4 c5 21.e5 Ne8 22.f4 Qxc4 23.Bxa8 Rxa8
24.Ne3 Qa6 25.Bxb4 cxb4 26.Rac1 Be4 27.Nd3 Qb5 28.Nf2 Bf3 29.Qd3 Qd7 30.Rd2 Bb7
31.d5 exd5 32.Nxd5 Qxd5 33.Qxd5 Bxd5 34.Rxd5 Bc5 35.Rd3 Nc7 36.Kf1 Ne6 37.Ne4 Be7
38.Ke2 f5 39.exf6 gxf6 40.Rc6 Nc5 41.Nxc5 bxc5 42.Kd2 Bf8 43.f5 h5 44.Kc2 Re8
45.Re6 Rc8 46.Rd7 c4 47.Rxf6 Rb8 48.Rc6 b3+ 49.Kb1 bxa2+ 50.Kxa2 Rb2+ 51.Ka1 Rf2
52.f6 Rf1+ 53.Ka2 Rf2+  1/2-1/2

[Event "85th ch-St Petersburg"]
[Site "St Petersburg RUS"]
[Date "2012.05.12"]
[Round "8"]
[White "Yevseev,D"]
[Black "Goganov,A"]
[Result "1/2-1/2"]
[WhiteElo "2529"]
[BlackElo "2523"]

1.c4 c6 2.e4 d5 3.exd5 cxd5 4.d4 Nf6 5.Nc3 Nc6 6.Bg5 e6 7.Nf3 Be7 8.Bd3 dxc4
9.Bxc4 O-O 10.O-O a6 11.Rc1 b5 12.Bd3 Bb7 13.Bb1 Rc8 14.Re1 Re8 15.a3 Nb8
16.Ne5 Nbd7 17.Qe2 Nf8 18.Bxf6 Bxf6 19.Be4 Bxe4 20.Qxe4 Qb6 21.d5 exd5 22.Nxd5 Qe6
23.Nxf6+ Qxf6 24.Rxc8 Rxc8 25.g3 Qe6 26.Nd3 Qxe4 27.Rxe4 Ne6 28.Nb4 a5 29.Nd5 Kf8
30.Nc3 Rc5 31.f4 Ke7 32.Kf2 f5 33.Re2 Kd6 34.Ke3 Nc7 35.Kd3 Nd5 36.Nxd5 Rxd5+
37.Kc3 Rc5+ 38.Kd4 Rd5+ 39.Kc3 Rc5+ 40.Kd4 Rd5+  1/2-1/2

[Event "Asian Continental 2012"]
[Site "Ho Chi Minh City VIE"]
[Date "2012.05.13"]
[Round "9.22"]
[White "Garcia,Jan"]
[Black "Torre,E"]
[Result "1/2-1/2"]
[WhiteElo "2399"]
[BlackElo "2496"]

1.c4 c6 2.Nc3 d5 3.cxd5 cxd5 4.d4 Nf6 5.Nf3 Nc6 6.Bf4 Bf5 7.e3 e6 8.Bd3 Bxd3
9.Qxd3 Bd6 10.Bxd6 Qxd6 11.O-O O-O 12.Rfc1 Rfc8 13.Na4 Nd7 14.Nc5 Nxc5 15.Rxc5 b6
16.Rc3 Nb4 17.Qd2 f6 18.a3 Rxc3 19.Qxc3 Nc6 20.Rc1 Rc8 21.g3 Ne7 22.Qd2 Rxc1+
23.Qxc1 Qc6 24.Qxc6 Nxc6 25.Kf1 Kf7 26.Ke2 Ke7 27.Nd2 Kd6 28.Kd3 Ne7 29.f4 Nc6
30.b4 Ne7 31.Nf3  1/2-1/2

[Event "30th Liechtenstein Open 2012"]
[Site "Triesen LIE"]
[Date "2012.05.14"]
[Round "4.25"]
[White "Laske,E"]
[Black "Hehle,B"]
[Result "0-1"]
[WhiteElo "2051"]
[BlackElo "1917"]

1.c4 c6 2.e4 d5 3.cxd5 cxd5 4.exd5 Nf6 5.Qa4+ Bd7 6.Qb3 Qc7 7.Nc3 a5 8.a4 Na6
9.d4 Nb4 10.Be2 Bf5 11.Nb5 Nc2+ 12.Kf1 Qc8 13.Bf4 Nxa1 14.Qd1 Nxd5 15.Bg3 Nc2
16.Nf3 Nce3+ 17.fxe3 Nxe3+ 18.Ke1 Nxd1 19.Nc7+ Kd8 20.Ng5 Bg6 21.Bxd1 Qxc7
22.Bxc7+ Kxc7 23.Rf1 e6 24.Ke2  0-1

[Event "TUR-ALG Friendship m 2012"]
[Site "Ankara TUR"]
[Date "2012.05.17"]
[Round "5"]
[White "Oussedik,Mahfoud"]
[Black "Dastan,B"]
[Result "0-1"]
[WhiteElo "2271"]
[BlackElo "2272"]

1.c4 c6 2.Nf3 d5 3.e3 Nf6 4.Nc3 e6 5.b3 Nbd7 6.Bb2 Bd6 7.Qc2 O-O 8.Be2 Qe7
9.Rg1 a5 10.g4 Ne5 11.Nxe5 Bxe5 12.f4 Bd6 13.Bd3 h6 14.g5 hxg5 15.Rxg5 Ba3
16.Bxa3 Qxa3 17.Ke2 Rd8 18.Rag1 Ne8 19.h4 Kf8 20.h5 Bd7 21.Nb1 Qc5 22.Qb2 Ke7
23.Rxg7 Nxg7 24.Rxg7 d4 25.Rg5 Qa7 26.Qa3+ Kf6 27.e4 c5 28.Rxc5 Qb8 29.Kf3 Rg8
30.h6 Kg6 31.Rg5+ Kxh6 32.Qc5 Qd8 33.Rh5+ Kg7 34.Qxd4+ Kf8 35.Nc3 Bc6 36.Qc5+ Qe7
37.Qxe7+ Kxe7 38.Ne2 Rad8 39.Ke3 b6 40.Bc2 Rh8 41.Rxh8 Rxh8 42.d4 Rh3+ 43.Kd2 Rh2
44.Bd3 f6 45.d5 Bd7 46.dxe6 Bxe6 47.Ke3 Kd6 48.Kd4 Rh4 49.a3 Bg4 50.Ng3 Be6
51.f5 Bd7 52.b4 Bc8 53.c5+ bxc5+ 54.bxc5+ Kc6 55.a4 Kc7 56.Bc4 Bb7 57.Bd3 Bc6
58.Bb5 Bxb5 59.axb5 a4 60.Ne2 a3 61.Nc3 Rh2 62.e5 Rh4+ 63.Kd5 fxe5 64.f6 e4
65.Kd4 Rf4 66.Ke5 Rf3 67.f7 Rxf7 68.c6 e3 69.Nd5+ Kc8 70.Kd6 e2 71.c7 Rxc7  0-1

[Event "Open Hradec Kralove 2012"]
[Site "Hradec Kralove CZE"]
[Date "2012.05.17"]
[Round "7"]
[White "Larsen,Fl"]
[Black "Fiedler,Be"]
[Result "1-0"]
[WhiteElo "2229"]
[BlackElo "2123"]

1.c4 c6 2.Nf3 d5 3.d4 Nf6 4.g3 Bf5 5.Nc3 e6 6.Bg2 h6 7.O-O Nbd7 8.b3 Bd6
9.Bb2 O-O 10.Nd2 e5 11.cxd5 exd4 12.Nce4 Nxe4 13.Bxe4 Bh3 14.dxc6 bxc6 15.Bxc6 Bxf1
16.Bxa8 Bxe2 17.Qxe2 Qxa8 18.Bxd4 Re8 19.Qf3 Qxf3 20.Nxf3 a5 21.Be3 Bb4 22.Rd1 Nf6
23.h3 Ne4 24.Rd3 Rc8 25.Nd4 Nc3 26.Rd2 Nd5 27.Rc2 Re8 28.Bc1 Re1+ 29.Kg2 Rd1
30.Nc6 Be1 31.Bb2 Bb4 32.a3 Bd6 33.Nxa5 Rd3 34.b4 Bxg3 35.Rc8+ Kh7 36.fxg3 Rd2+
37.Kf3 Rxb2 38.Rd8 Nc3 39.Rd3 Nb5 40.Ke4 Kg6 41.Nc4 f5+ 42.Kd5 Rb1 43.Kc5 Nc7
44.Rd6+  1-0

[Event "6th Wunsiedel Open"]
[Site "Wunsiedel GER"]
[Date "2012.05.18"]
[Round "3"]
[White "Roesemann,R"]
[Black "Richter,Mic"]
[Result "0-1"]
[WhiteElo "2284"]
[BlackElo "2482"]

1.c4 c6 2.g3 d5 3.Nf3 Nf6 4.Bg2 dxc4 5.O-O Be6 6.Qc2 Qd5 7.Na3 Nbd7 8.Nh4 Qc5
9.d3 cxd3 10.Qxd3 g6 11.b4 Qd6 12.Qc3 Bg7 13.Bf4 Nh5 14.Qxg7 Nxg7 15.Bxd6 exd6
16.b5 Rc8 17.bxc6 bxc6 18.Rfc1 Nc5 19.Nf3 Bd5 20.Nc4 Bxc4 21.Rxc4 Nge6 22.Rac1 Ke7
23.e4 f6 24.Nh4 Rb8 25.f4 Nd3 26.R1c3 Nec5 27.Bf1 Rb1 28.Rd4 Rhb8 29.Rdxd3 Nxd3
30.Rxd3 Ra1 31.Rd2 Rbb1 32.Rf2 Re1 33.e5 fxe5 34.fxe5 Rxe5 35.Kg2 Kd7 36.Bc4 d5
37.Bb3 a5 38.Nf3 Re4 39.a4 Re3 40.Rb2 Ra3 41.Bd1 Kc7 42.Kf2 Red3 43.Be2 Rdc3
44.Ng5 Rxa4 45.Nxh7 Rb4 46.Ra2 a4 47.Nf8 a3 48.Nxg6 Rb2 49.Ra1 d4  0-1